Mongol Empire History - Statistics

General Stats
  • This quiz has been taken 46 times
  • The average score is 5 of 18
Answer Stats
Hint Answer % Correct
1.First Khagan and unifier of the Mongol Tribes Genghis khan
100%
3.Real name of no.1 Temujin
71%
12. Fifth Khagan. Founder of the Yuan dynasty in China (1260-1294) Kublai Khan
65%
8. Siege and sack of this city brings an end to the Islamic golden age.(1258) Baghdad
44%
14. Khanate centered in Persia and Iraq. Successor state of the Mongol Empire Ilkhanate
35%
Under no. 12 this modern-day nation was unsuccesfully invaded. Japan
26%
5. General of no.1 and no.2. Responsible for the first invsaion of what is today Russia. Subutai
26%
15. Successor state that ruled Central Asia and lasted until the 17th century Chagatai Khanate
24%
7. Fourth great Khan, under whose rule Mongols conquer Iraq and Persia (1251-1259) Mongke Khan
24%
2.His son and heir. Died of a heart condition Ogedei Khan
21%
16. Successor state that ruled most of China. (1271-1368) Yuan Dynasty
21%
6. Third great khan of the Mongol Empire (1246-1248) Guyuk Khan
18%
9. Founder of the Golden Horde and responsible for the second invasion of Europe with no.5 Batu Khan
12%
11. This ceremony elected Mongol GurKhans Kurultai
9%
17. Khanate in Western China that traces its ancestry by direct line to no.1 (1696-1930) Kumul Khanate
3%
4.Mongols defeat a massive Jin army to bring about the end of the Northern Jin dynasty in China (1211) Battle of the Badger's Mouth
0%
10. Mongols defeat a large Hungarian army at this battle to leave Europe open for conquest. (1241) Battle of the Sajo River
0%
13. War that resulted in the permanent division of the Mongol Empire (1268-1301) Kaidu-Kublai War
0%
No matching quizzes found
Score Distribution
Percent of People with Each Score
Percentile by Number Answered
Your Score History
You have not taken this quiz